La Prevención y la lucha contra el trauma como requisito previo para la paz y la justicia /

Shranjeno v:
Bibliografske podrobnosti
Glavni avtor: Alpkan, Selmin
Format: Texto
Teme:
Oznake: Označite
Brez oznak, prvi označite!

MARC

LEADER 00000 a a2200000 04500
001 9715
003
040
100 |a Alpkan, Selmin  
245 |a La Prevención y la lucha contra el trauma como requisito previo para la paz y la justicia /  |c Selmin Alpkan 
650 |a ABUSO SEXUAL  
650 |a TERAPIA  
773 |g número 27; páginas 54  
999 |c 39316  |d 39316